ਸ਼੍ਰੀ ਅਮਰਦਾਸ ਜੀ (Record no. 1465243)

MARC details
000 -LEADER
fixed length control field 00922 a2200229 4500
005 - DATE AND TIME OF LATEST TRANSACTION
control field 20251219162517.0
008 - FIXED-LENGTH DATA ELEMENTS--GENERAL INFORMATION
fixed length control field 251219b |||||||| |||| 00| 0 eng d
020 ## - INTERNATIONAL STANDARD BOOK NUMBER
International Standard Book Number 9789348338488 (pbk)
037 ## - SOURCE OF ACQUISITION
Terms of availability TB
040 ## - CATALOGING SOURCE
Original cataloging agency CRL
Transcribing agency CRL
041 ## - LANGUAGE CODE
Source of code pun
Language code of text/sound track or separate title pun
084 ## - COLON CLASSIFICATION NUMBER
Classification number Q8441:332xI79 153R5
Assigning agency CRL
100 ## - MAIN ENTRY--PERSONAL NAME
Personal name ਸੋਢੀ , ਪਰਮ੍ਪਾਲ ਸਿੰਘ
9 (RLIN) 850716
245 ## - TITLE STATEMENT
Title ਸ਼੍ਰੀ ਅਮਰਦਾਸ ਜੀ
Remainder of title / ਪਰਮ੍ਪਾਲ ਸਿੰਘ ਸੋਢੀ
246 ## - VARYING FORM OF TITLE
Title proper/short title Sri Guru Amardas ji- Aduti jeean ate den / Sodhi, Parampal Singh
260 ## - PUBLICATION, DISTRIBUTION, ETC.
Place of publication, distribution, etc. ਸਮਾਨਾ, ਭਾਰਤ:
Name of publisher, distributor, etc. Navrang Publications,
Date of publication, distribution, etc. 2025.
300 ## - PHYSICAL DESCRIPTION
Extent 79ਪ.
365 ## - TRADE PRICE
Price amount 150.00
Currency code INR
650 ## - SUBJECT ADDED ENTRY--TOPICAL TERM
Source of heading or term ਸਿੱਖ ਧਰਮ
942 ## - ADDED ENTRY ELEMENTS (KOHA)
Koha item type Textbook
Source of classification or shelving scheme Colon Classification (CC)
Suppress in OPAC No
Classification part Q8441:332xI79 153R5
Holdings
Withdrawn status Lost status Source of classification or shelving scheme Damaged status Not for loan Home library Current library Date acquired Source of acquisition Cost, normal purchase price Inventory number Total Checkouts Full call number Barcode Date last seen Cost, replacement price Price effective from Koha item type
    Colon Classification (CC)     Central Library Central Library 2025-12-19 Star Publications Pvt. Ltd. 120.00 SP/1057/ 2025/12/09   Q8441:332xI79 153R5 CL1924749 2025-12-11 150.00 2025-12-11 Textbook
Copyright @ Delhi University Library System